000 00555nam a22001817a 4500
003 UA-OsUOA
001 8056
007 ta
008 20040726b un ||||| |||| 00| 0 ukr d
100 _aЛихова С.
942 _cSA
040 _aUA-OsUOA
_cUA-OsUOA
_dUA-OsUOA
245 _aКримінально-правова охорона права на працю: проблеми вдосконалення
300 _aС.102-106
955 _a0
773 0 _w0
_tПраво України
_dКиїв
_d2004
_gN7
650 7 _aТрудове право
_2UDC
999 _c294217
_d294217